00344 2200133 4500001002100000005001500021035002400036090001400060245004400074250001100118260004200129300002000171990001900191YOGYA00000000010336520140823132647 0010-081400000100024 a813 Mir C aCinta menyapa dalam badai cet.2cMira W aCet. 2 aJakartabGramedia Pustaka Utamac2001 a256 hlm.b18 cm a0992-BPAD/P.03